Vplyv dynamizácie sektora služieb na postavenie a rozvoj regiónov Slovenskej republiky
Rozvoj sektora služieb v trhovej ekonomike potenciálne aj reálne dynamicky pôsobí aj na rozvoj jednotlivých regiónov. Spoločenský vývoj prechádza od masovej výroby hmotných statkov k spotrebe služieb. Zákazník sa v súčasnosti už len ťažko uspokojí s "holým" produktom. Stále viac ho zaujíma existenci...
Salvato in:
| Autore principale: | |
|---|---|
| Natura: | Capitolo di libro |
| Lingua: | slovacco |
| Soggetti: | |
| Tags: |
Nessun Tag, puoi essere il primo ad aggiungerne!!
|
MARC
| LEADER | 00000naa$a2200000$$$4500 | ||
|---|---|---|---|
| 001 | 0059697 | ||
| 005 | 20220718124013.5 | ||
| 041 | 0 | |a slo | |
| 044 | |a SK | ||
| 245 | 1 | 0 | |a Vplyv dynamizácie sektora služieb na postavenie a rozvoj regiónov Slovenskej republiky |c Gabriela Bartáková |
| 520 | |a Rozvoj sektora služieb v trhovej ekonomike potenciálne aj reálne dynamicky pôsobí aj na rozvoj jednotlivých regiónov. Spoločenský vývoj prechádza od masovej výroby hmotných statkov k spotrebe služieb. Zákazník sa v súčasnosti už len ťažko uspokojí s "holým" produktom. Stále viac ho zaujíma existencia širokej škály súbežných služieb k tomuto výrobku. Základné východiská a charakteristiky dynamizácie sektora služieb na Slovensku. | ||
| 610 | 2 | 0 | |a služby |
| 610 | 2 | 0 | |a sektor terciárny |
| 610 | 2 | 0 | |a regióny |
| 610 | 2 | 0 | |a výrobky |
| 610 | 2 | 0 | |a ukazovatele makroekonomické |
| 610 | 2 | 0 | |a produkt domáci hrubý |
| 610 | 2 | 0 | |a zamestnanosť |
| 610 | 2 | 0 | |a Slovensko |
| 100 | 1 | |a Bartáková, Gabriela | |